| 000 | 00536nam a2200193 4500 | ||
|---|---|---|---|
| 001 | VA21987 | ||
| 003 | ES-SlBCS | ||
| 005 | 20210601154058.0 | ||
| 008 | 140520s1972 xxu||||| |||| 00| 0 spa d | ||
| 041 | _aspa | ||
| 100 | 1 |
_aJoz-Roland, Michele _9365805 |
|
| 245 | 1 | 0 |
_a¿Qué has hecho de tu Dios? _cMichele Joz-Roland; Henri Gullemin, Eloy Requena |
| 260 |
_aMadrid : _bStudium _c, 1972 |
||
| 300 |
_a116 p.; _c21 cm |
||
| 650 |
_aDios _923287 |
||
| 700 | 1 | 0 |
_aGullemin, Henri _9365806 |
| 700 | 1 | 0 |
_aRequena, Eloy _994473 |
| 942 | _cBK | ||
| 999 |
_c799834 _d799834 |
||